000 01198cam a2200325 a 4500
001 12851466
003 PILC
005 20160114143719.0
008 020712s2003 nyu j 000 1 eng
010 _a 2002027818
020 _a9780747568001
040 _aDLC
_cDLC
_dDLC
042 _alcac
043 _ae-ne---
050 0 0 _aPZ 7
_b.R521Ho 2003
082 0 0 _aFIC
_b R39 2003
100 1 _aRichardson, V. A.
_920287
245 1 4 _aThe house of windjammer
_cV.A. Richardson.
250 _a1st U.S. ed.
260 _aNew York :
_bBloomsbury Children's Books,
_c[2003]
300 _a350 p. ;
_c21 cm.
650 _aAmsterdam (Netherlands)
_vJuvenile fiction.
_xHistory
_y17th century
_920288
650 _aNetherlands
_vFiction.
_xHistory
_y17th century
_920289
856 4 2 _3Contributor biographical information
_uhttp://www.loc.gov/catdir/bios/hol053/2002027818.html
856 4 2 _3Publisher description
_uhttp://www.loc.gov/catdir/description/hol031/2002027818.html
906 _a7
_bcbc
_corignew
_d1
_eocip
_f20
_gy-gencatlg
942 _2lcc
_cBK
999 _c11452
_d11452